Business process change : A manager's guide to improving, redesinging, and automating processes

This book is a must-read for every business manager who wants to manage business process change in an e-business environment; it's a true practitioner's guidebook to the complex world of end-to-end business process management. The book not only gives an excellent introduction to all aspect...

Πλήρης περιγραφή

Αποθηκεύτηκε σε:
Λεπτομέρειες βιβλιογραφικής εγγραφής
Κύριος συγγραφέας: Harmon, Paul
Μορφή: Βιβλίο
Γλώσσα:Undetermined
Έκδοση: Amsterdam Morgan Kaufmann Publishers 2003
Θέματα:
Ετικέτες: Προσθήκη ετικέτας
Δεν υπάρχουν, Καταχωρήστε ετικέτα πρώτοι!
Thư viện lưu trữ: Trung tâm Học liệu Trường Đại học Cần Thơ
LEADER 01293nam a2200217Ia 4500
001 CTU_118967
008 210402s9999 xx 000 0 und d
020 |c 50.95 
082 |a 658.406 
082 |b H288 
100 |a Harmon, Paul 
245 0 |a Business process change : 
245 2 |b A manager's guide to improving, redesinging, and automating processes 
245 0 |c Paul Harmon 
260 |a Amsterdam 
260 |b Morgan Kaufmann Publishers 
260 |c 2003 
520 |a This book is a must-read for every business manager who wants to manage business process change in an e-business environment; it's a true practitioner's guidebook to the complex world of end-to-end business process management. The book not only gives an excellent introduction to all aspects of process change management (from analysis or redesign to implementation to monitoring to improvement of business processes), but also provides a comprehensive guide to state-of-the-art techniques and technologies supporting the various aspects of this process (from process design methodologies to realizing business processes via choreography of Web services). 
650 |a Organizational change,Electronic commerce,System design 
904 |i Giang 
980 |a Trung tâm Học liệu Trường Đại học Cần Thơ